Damascénska oceľ \\ Damascénska oceľ vyrobená liatím

Gespeichert in:
Bibliographische Detailangaben
1. Verfasser: Hladký, Tomáš (Verfasst von)
Weitere Verfasser: Vanko, Branislav (Betreuung Doktorarbeit)
Format: Manuskript Buch
Sprache:Slowakisch
Veröffentlicht: 2015
Schlagworte:
Online-Zugang:http://is.stuba.sk/zp/portal_zp.pl?podrobnosti=99110
Tags: Tag hinzufügen
Keine Tags, Fügen Sie das erste Tag hinzu!

MARC

LEADER 00000ntm a22000003a 4500
001 stuzp52557
003 SK-STU
005 20160719154217.7
007 ta
008 150427s2015----xo-----f-mn---000-0-slo-d
040 |a STU  |b slo 
041 0 |a slo 
100 1 |a Hladký, Tomáš  |u 020050  |4 aut  |U SjF Strojnícka fakulta  |T SjF Ústav technológií a materiálov  |X 55052  |U J0050  |Y 803  |7 55052 
242 0 1 |a Damascus steel - Damascus steel made by casting  |y eng 
245 1 0 |a Damascénska oceľ \\ Damascénska oceľ vyrobená liatím 
260 |c 2015 
650 4 |a wootz  |2 slo 
650 4 |a pravý damašok  |2 slo 
650 4 |a tégliková oceľ  |2 slo 
650 4 |a damascénska oceľ  |2 slo 
650 4 |a damašok  |2 slo 
650 4 |a damascus steel  |2 eng 
650 4 |a damascus  |2 eng 
650 4 |a wootz  |2 eng 
650 4 |a wootz steel  |2 eng 
650 4 |a crucible steel  |2 eng 
700 1 |a Vanko, Branislav  |4 ths  |X 22241  |7 A000022241 
856 4 |u http://is.stuba.sk/zp/portal_zp.pl?podrobnosti=99110 
996 |b 284J043836  |c J* 2126/BP  |l JJSK  |s A  |a 24  |w stuzp52557_0001 
SQL |a stuzp52557  |b DBP  |c SLO  |d Damascénska oceľ \\ Damascénska oceľ vyrobená liatím  |e 55052  |f Hladký, Tomáš  |g 020050  |h 22241  |i Vanko, Branislav  |j 20150615  |k 644  |l 02  |m http://is.stuba.sk/zp/portal_zp.pl?podrobnosti=99110  |n B-STAM  |o 5.2.51. výrobné technológie